000 00275nam a22001337a 4500
008 171215b xxu||||| |||| 00| 0 eng d
020 _a9780822023012
041 _aeng
080 _a573
100 _a11
101 _aBIO
245 _aBIOLOGY
_cPACK,P,E
942 _2udc
_cBK
999 _c39030
_d39030